|
|
|
|
| LEADER |
00000nla2a2200000 4500 |
| 001 |
656998 |
| 005 |
20231228130639.0 |
| 035 |
|
|
|a (RuTPU)RU\TPU\network\23478
|
| 035 |
|
|
|a RU\TPU\network\23474
|
| 090 |
|
|
|a 656998
|
| 100 |
|
|
|a 20171225d2017 k y0rusy50 ca
|
| 101 |
0 |
|
|a rus
|
| 102 |
|
|
|a RU
|
| 105 |
|
|
|a a z 101zy
|
| 135 |
|
|
|a drgn ---uucaa
|
| 181 |
|
0 |
|a i
|
| 182 |
|
0 |
|a b
|
| 200 |
1 |
|
|a Формирование ультрамелкозернистого состояния в биоинертном низкомодульном титан-ниобиевом сплаве комбинированным методом АБС-прессования и прокатки
|f А. Ю. Ерошенко [и др.]
|
| 203 |
|
|
|a Текст
|c электронный
|
| 225 |
1 |
|
|a Научные основы разработки материалов с многоуровневой иерархической структурой, в том числе для экстремальных условий эксплуатации
|
| 300 |
|
|
|a Заглавие с экрана
|
| 463 |
|
1 |
|0 (RuTPU)RU\TPU\network\23304
|t Перспективные материалы с иерархической структурой для новых технологий и надежных конструкций
|o тезисы докладов Международной конференции, 9-13 октября 2017 г., Томск
|f Российская академия наук (РАН), Сибирское отделение (СО), Институт физики прочности и материаловедения (ИФПМ)
|v [С. 337-338]
|d 2017
|
| 610 |
1 |
|
|a электронный ресурс
|
| 610 |
1 |
|
|a труды учёных ТПУ
|
| 610 |
1 |
|
|a ультрамелкозернистные состояния
|
| 610 |
1 |
|
|a биоинертные сплавы
|
| 610 |
1 |
|
|a титан-ниобиевые сплавы
|
| 610 |
1 |
|
|a комбинированные методы
|
| 610 |
1 |
|
|a прессование
|
| 610 |
1 |
|
|a прокатка
|
| 610 |
1 |
|
|a микроструктуры
|
| 610 |
1 |
|
|a пластические деформации
|
| 701 |
|
1 |
|a Ерошенко
|b А. Ю.
|
| 701 |
|
1 |
|a Шаркеев
|b Ю. П.
|c физик
|c профессор Томского политехнического университета, доктор физико-математических наук
|f 1950-
|g Юрий Петрович
|3 (RuTPU)RU\TPU\pers\31437
|9 15599
|
| 701 |
|
1 |
|a Глухов
|b И. А.
|
| 701 |
|
1 |
|a Уваркин
|b П. В.
|
| 701 |
|
1 |
|a Майрамбекова
|b А. М.
|
| 701 |
|
1 |
|a Толмачев
|b А. И.
|
| 712 |
0 |
2 |
|a Национальный исследовательский Томский политехнический университет (ТПУ)
|b Физико-технический институт (ФТИ)
|b Кафедра экспериментальной физики (ЭФ)
|3 (RuTPU)RU\TPU\col\21255
|
| 801 |
|
1 |
|a RU
|b 63413507
|c 20101016
|
| 801 |
|
2 |
|a RU
|b 63413507
|c 20171225
|g RCR
|
| 856 |
4 |
|
|u http://www.ispms.ru/files/Conference/2017_m/sb_tez_2017.pdf#page=337
|
| 942 |
|
|
|c CF
|